<?xml version="1.0" encoding="UTF-8"?>
<record
    xmlns:xsi="http://www.w3.org/2001/XMLSchema-instance"
    xsi:schemaLocation="http://www.loc.gov/MARC21/slim http://www.loc.gov/standards/marcxml/schema/MARC21slim.xsd"
    xmlns="http://www.loc.gov/MARC21/slim">

  <leader>01845nam a2200241 a 4500</leader>
  <controlfield tag="001">000000768</controlfield>
  <controlfield tag="005">20250621074003.0</controlfield>
  <controlfield tag="008">090509s2003    dr            000 0 spa d</controlfield>
  <datafield tag="040" ind1=" " ind2=" ">
    <subfield code="a">DO-SdBNP</subfield>
    <subfield code="b">spa</subfield>
    <subfield code="c">BNPHU</subfield>
  </datafield>
  <datafield tag="082" ind1=" " ind2=" ">
    <subfield code="a">324.97293</subfield>
    <subfield code="b">F359v</subfield>
  </datafield>
  <datafield tag="100" ind1="1" ind2=" ">
    <subfield code="a">Ferm&#xED;n Monta&#xF1;o, V&#xED;ctor</subfield>
    <subfield code="9">2625</subfield>
  </datafield>
  <datafield tag="245" ind1="1" ind2="0">
    <subfield code="a">Voto culpable del subdesarrollo dominicano /</subfield>
    <subfield code="c">V&#xED;ctor Ferm&#xED;n Monta&#xF1;o.</subfield>
  </datafield>
  <datafield tag="260" ind1=" " ind2=" ">
    <subfield code="a">Santo Domingo :</subfield>
    <subfield code="b">[s.n.],</subfield>
    <subfield code="c">2003.</subfield>
  </datafield>
  <datafield tag="300" ind1=" " ind2=" ">
    <subfield code="a">277 p. ;</subfield>
    <subfield code="c">21 cm.</subfield>
  </datafield>
  <datafield tag="504" ind1=" " ind2=" ">
    <subfield code="a">Incluye referencias bibliogr&#xE1;ficas y notas al pie de las p&#xE1;ginas</subfield>
  </datafield>
  <datafield tag="505" ind1="2" ind2=" ">
    <subfield code="t">Introducci&#xF3;n --</subfield>
    <subfield code="t">Primera parte --</subfield>
    <subfield code="g">Cap&#xED;tulo 1.--</subfield>
    <subfield code="t">La virtud del voto dominicano --</subfield>
    <subfield code="g">Cap&#xED;tulo 2. --</subfield>
    <subfield code="t">Diversidad del voto dominicano --</subfield>
    <subfield code="g">Cap&#xED;tulo 3. --</subfield>
    <subfield code="t">Ra&#xED;ces hist&#xF3;rico-culturales del voto desinterasado dominicano --</subfield>
    <subfield code="g">Cap&#xED;tulo 4.--</subfield>
    <subfield code="t">Conversi&#xF3;n del voto desinteresado --</subfield>
    <subfield code="g">Segunda parte --</subfield>
    <subfield code="g">Cap&#xED;tulo 5.--</subfield>
    <subfield code="t">La pol&#xED;tica producto de la evoluci&#xF3;n socio-humana --</subfield>
    <subfield code="g">Cap&#xED;tulo 6.--</subfield>
    <subfield code="t">Caracter&#xED;sticas negativas del sistema de partido en Rep&#xFA;blica Dominicana --</subfield>
    <subfield code="g">Cap&#xED;tulo 7. --</subfield>
    <subfield code="t">Evaluaci&#xF3;n de los candidatos a funcionarios p&#xFA;blicos --</subfield>
    <subfield code="g">Cap&#xED;tulo 8.--</subfield>
    <subfield code="t">El Estado como concepto sociopol&#xED;tico --</subfield>
    <subfield code="g">Cap&#xED;tulo 9.--</subfield>
    <subfield code="t">Progresismo: metodolog&#xED;a para las exigencias de las sociedades al estado --</subfield>
    <subfield code="g">Tercera parte --</subfield>
    <subfield code="g">Cap&#xED;tulo 10.--</subfield>
    <subfield code="t">La sociedad como concepto sociopol&#xED;tico --</subfield>
    <subfield code="g">Cap&#xED;tulo 11.--</subfield>
    <subfield code="t">La autoridad como concepto sociopol&#xED;tico --</subfield>
    <subfield code="g">Cap&#xED;tulo 12 --</subfield>
    <subfield code="t">Revocacionismo: pr&#xF3;ximo paso probable en el proceso evolutivo de la democracia capitalista --</subfield>
    <subfield code="t">Fuentes bibliogr&#xE1;ficas.</subfield>
  </datafield>
  <datafield tag="590" ind1=" " ind2=" ">
    <subfield code="a">Inventariado, 2018/BT</subfield>
  </datafield>
  <datafield tag="650" ind1=" " ind2="4">
    <subfield code="a">Voto</subfield>
    <subfield code="z">Rep&#xFA;blica Dominicana</subfield>
    <subfield code="x">Historia</subfield>
    <subfield code="9">2626</subfield>
  </datafield>
  <datafield tag="651" ind1=" " ind2="4">
    <subfield code="a">Rep&#xFA;blica Dominicana</subfield>
    <subfield code="x">Historia</subfield>
    <subfield code="9">170</subfield>
  </datafield>
  <datafield tag="651" ind1=" " ind2="0">
    <subfield code="a">Rep&#xFA;blica Dominicana</subfield>
    <subfield code="x">Pol&#xED;tica y gobierno</subfield>
    <subfield code="9">45</subfield>
  </datafield>
  <datafield tag="651" ind1=" " ind2="4">
    <subfield code="a">Rep&#xFA;blica Dominicana</subfield>
    <subfield code="x">Pol&#xED;tica Social</subfield>
    <subfield code="9">2627</subfield>
  </datafield>
  <datafield tag="910" ind1=" " ind2=" ">
    <subfield code="a">Validado. Control de calidad. MMOLINA</subfield>
  </datafield>
  <datafield tag="952" ind1=" " ind2=" ">
    <subfield code="0">0</subfield>
    <subfield code="1">0</subfield>
    <subfield code="5">4</subfield>
    <subfield code="7">5</subfield>
    <subfield code="8">DS</subfield>
    <subfield code="a">BNPHU</subfield>
    <subfield code="b">BNPHU</subfield>
    <subfield code="c">HD</subfield>
    <subfield code="d">2009-08-25</subfield>
    <subfield code="i">LF1</subfield>
    <subfield code="l">0</subfield>
    <subfield code="o">324.97293 F359v</subfield>
    <subfield code="p">768-30</subfield>
    <subfield code="r">2020-06-25</subfield>
    <subfield code="t">e. 3</subfield>
    <subfield code="w">2020-06-25</subfield>
    <subfield code="y">LF1</subfield>
    <subfield code="Z">Pr&#xE9;stamo en sala</subfield>
  </datafield>
  <datafield tag="952" ind1=" " ind2=" ">
    <subfield code="0">0</subfield>
    <subfield code="1">0</subfield>
    <subfield code="5">4</subfield>
    <subfield code="7">5</subfield>
    <subfield code="8">DS</subfield>
    <subfield code="a">BNPHU</subfield>
    <subfield code="b">BNPHU</subfield>
    <subfield code="c">HD</subfield>
    <subfield code="d">2009-09-01</subfield>
    <subfield code="i">LF1</subfield>
    <subfield code="l">0</subfield>
    <subfield code="o">324.97293 F359v</subfield>
    <subfield code="p">768-40</subfield>
    <subfield code="r">2020-06-25</subfield>
    <subfield code="t">e. 4</subfield>
    <subfield code="w">2020-06-25</subfield>
    <subfield code="y">LF1</subfield>
    <subfield code="Z">Pr&#xE9;stamo en sala</subfield>
  </datafield>
  <datafield tag="952" ind1=" " ind2=" ">
    <subfield code="0">0</subfield>
    <subfield code="1">0</subfield>
    <subfield code="5">4</subfield>
    <subfield code="7">5</subfield>
    <subfield code="8">DS</subfield>
    <subfield code="a">BNPHU</subfield>
    <subfield code="b">BNPHU</subfield>
    <subfield code="c">HD</subfield>
    <subfield code="d">2010-02-04</subfield>
    <subfield code="i">LF1</subfield>
    <subfield code="l">0</subfield>
    <subfield code="o">324.97293 F359v</subfield>
    <subfield code="p">768-50</subfield>
    <subfield code="r">2020-06-25</subfield>
    <subfield code="t">e. 5</subfield>
    <subfield code="w">2020-06-25</subfield>
    <subfield code="y">LF1</subfield>
    <subfield code="Z">Pr&#xE9;stamo en sala</subfield>
  </datafield>
  <datafield tag="952" ind1=" " ind2=" ">
    <subfield code="0">0</subfield>
    <subfield code="1">0</subfield>
    <subfield code="7">2</subfield>
    <subfield code="8">PD</subfield>
    <subfield code="a">BNPHU</subfield>
    <subfield code="b">BNPHU</subfield>
    <subfield code="c">HD</subfield>
    <subfield code="d">2009-08-25</subfield>
    <subfield code="i">LF1</subfield>
    <subfield code="l">0</subfield>
    <subfield code="o">324.97293 F359v</subfield>
    <subfield code="p">768-10</subfield>
    <subfield code="r">2020-06-25</subfield>
    <subfield code="w">2020-06-25</subfield>
    <subfield code="y">LF1</subfield>
    <subfield code="Z">No se presta</subfield>
  </datafield>
  <datafield tag="952" ind1=" " ind2=" ">
    <subfield code="0">0</subfield>
    <subfield code="1">0</subfield>
    <subfield code="7">2</subfield>
    <subfield code="8">PD</subfield>
    <subfield code="a">BNPHU</subfield>
    <subfield code="b">BNPHU</subfield>
    <subfield code="c">HD</subfield>
    <subfield code="d">2009-08-25</subfield>
    <subfield code="i">LF1</subfield>
    <subfield code="l">0</subfield>
    <subfield code="o">324.97293 F359v</subfield>
    <subfield code="p">768-20</subfield>
    <subfield code="r">2020-06-25</subfield>
    <subfield code="t">e. 2</subfield>
    <subfield code="w">2020-06-25</subfield>
    <subfield code="y">LF1</subfield>
    <subfield code="Z">No se presta</subfield>
  </datafield>
  <datafield tag="999" ind1=" " ind2=" ">
    <subfield code="c">764</subfield>
    <subfield code="d">764</subfield>
  </datafield>
</record>
